| 000 | 00539nam a22001337a 4500 | ||
|---|---|---|---|
| 008 | 160416b xxu||||| |||| 00| 0 eng d | ||
| 082 |
_22005 _aUT 0137 _bB11 |
||
| 100 |
_95699 _aBañas, Melchizedek John S. |
||
| 245 |
_aLeadershp behavior and delivery of basic social services of the Barangay officials in Guihing, Hagonoy, Davao del Sur/ _cMelchizedek John S. Bañas. |
||
| 260 |
_aDigos City: _bUMDC _cOctober 2005. |
||
| 300 |
_a61 pages; _c29 cm. |
||
| 650 | 0 |
_95700 _aLiberal Arts _vPolitical Science _xUndergraduate thesis. |
|
| 942 |
_2ddc _cUT |
||
| 999 |
_c1796 _d1796 |
||